| 000 | 00738cam a22002292 4500 | ||
|---|---|---|---|
| 001 | 0000000275 | ||
| 005 | 20151021151043.0 | ||
| 008 | 070119s xx 000 0 eng d | ||
| 020 |
_a8176353043 : _cKES 3,900 |
||
| 040 |
_aKABU _cKABU |
||
| 050 | 0 |
_aQA76.73 _b.J38J39 |
|
| 100 | 1 |
_aJaworski, Jamie. _@0000148371 |
|
| 245 | 1 | 0 |
_aJava 2 platform unleashed / _cJamie Jaworski. |
| 260 |
_aNew Delhi : _bTechmedia, _c1999. |
||
| 300 | _axxxiv, 1424 p. | ||
| 650 | 0 |
_aJava (Computer file) _@0000148372 |
|
| 650 | 0 |
_aOperating systems (Computers) _@0000146540 |
|
| 908 | _a070119 | ||
| 950 | _@1 | ||
| 999 |
_c135 _d135 |
||